Представление документа в формате RUSMARC

ПолеНазваниеЗначение
  Тип записи a
  Библиографический уровень m
001 Контрольный номер 5b56e768f166486dbdd84b18a75dc89b
005 Дата корректировки 20140729124129.3
101 Язык документа 0_
a Язык текста rus
102 Страна публикации __
a Страна публикации RU
200 Заглавие и сведения об ответственности 1_
a Заглавие Информационные системы в экономике
b Общее обозначение материала Текст
e Сведения, относящиеся к заглавию учебное пособие
f Первые сведения об ответственности Под ред. Д.В. Чистова
210 Выходные данные 1_
a Место издания М.:
c Издательство Инфра-М
d Дата издания 2012
215 Физическое описание __
a Объем 234с.
225 Серия 2_
a Серия Высшее образование: Бакалавриат
610 Ключевые слова 0_
a Ключевые слова экономические информационные системы
a Ключевые слова технологические процессы
a Ключевые слова интеллектуальные системы
686 Индексы других классификаций __
a Классификационный индекс 65.050.2
801 Источник записи _0
a Страна RU
b Организация РУК
g Правила каталогизации PSBO
801 Источник записи _1
a Страна RU
b Организация РУК
g Правила каталогизации PSBO
852 Данные о местонахождении __
i Авторский знак И 74
j Шифр хранения 65.050.2
901 Тип документа __
t Тип документа m
937 Технологическая информация __
a Создатель записи (имя) ОрловаОВ
938 Служебная информация __
a Название организации Смоленский филиал
952 Тип литературы __
b Гриф литературы для ВШ гриф УМО
c Вид литературы учебное пособие